00595nam a2200193 i 4500001000700000003000900007005001700016007000300033008004100036100001900077245007900096250007500175260003500250300002800285650002000313650002700333700001800360852002300378127310ES-MaACL20250808010926.0t|070214s1922 fr r ||||1| fre d1 aRichard, P. J.10aThéorie mathématique des assurances / cpar P. J. Richard et E. Petit. a2e éd. entièrement remaniée, et mise a jour bpar P. J. Richard. aParis : bGaston Doin, c1922. a2 v. : bil. ; c18 cm. 4aProbabilidades.07aSeguros de vida2embne1 aPetit, Emile. aES-MaACLjD-4362-3